=LDR 00000nam 2200000 4500 =001 INLIS000000000047331 =005 20151013135341.0 =006 =007 =008 =020 ##$$a 978-979-518-460-7 =035 ##$$0010-101500000000042 =040 ##$$a ind =082 ##$$a 541 =090 ##$$a 541 $b Suk =100 ##$$a Sukardjo =245 ##$$a Kimia Fisika =250 ##$$a - =260 ##$$a Jakarta $b Rineka Cipta $c 2013 =300 ##$$a x, 528 hlmn $b 20 cm =850 ##$$a NBPDMAT =990 ##$$a 0001/BPAP-NTB/2015 =990 ##$$a 21602417/BPAP-NTB/2017